000 00712nam a2200205 a 4500
001 000024319
005 20240229073821.0
008 110126s2007 dr 000 0 spa d
040 _aDO-SdBNP
_bspa
_cBNPHU
082 _a349.7293
_bS941n
100 1 _aSubero Isa, Jorge A.,
_d1947-
_976863
245 1 0 _aNo siempre he hablado por sentencias /
_cJorge A. Subero Isa.
260 _aSanto Domingo :
_bSuprema Corte de Justicia,
_c2007.
300 _a3 v. ;
_c23 cm.
504 _aIncluye notas al pie de las páginas
590 _aInventariado,2018/DG
650 4 _aOpiniones judiciales
_zRepública Dominicana
_949894
650 4 _aLeyes
_zRepública Dominicana
_93033
910 _aValidado. Control de calidad MFF
999 _c23812
_d23812